Detalles MARC
| 000 -LEADER |
| campo de control de longitud fija |
03036am aa2200469i 44500 |
| 003 - IDENTIFICADOR DE NÚMERO DE CONTROL |
| campo de control |
PE-LiUPU |
| 005 - FECHA Y HORA DE LA ÚLTIMA TRANSACCIÓN |
| campo de control |
20251126110955.0 |
| 008 - DATOS DE LONGITUD FIJA--INFORMACIÓN GENERAL |
| campo de control de longitud fija |
2311s2023 sp#a rb 001 0 spa d |
| 020 ## - NÚMERO INTERNACIONAL ESTÁNDAR DEL LIBRO |
| Número Internacional Estándar del Libro |
9788413827612 |
| Información calificativa |
(versión impresa) |
| 035 ## - NÚMERO DE CONTROL DEL SISTEMA |
| Número de control de sistema |
PE-LiUPU000061 |
| 040 ## - FUENTE DE CATALOGACIÓN |
| Centro catalogador/agencia de origen |
PE-LiUPU |
| Lengua de catalogación |
spa |
| Centro/agencia transcriptor |
PE-LiUPU |
| Normas de descripción |
rda |
| 041 1# - CÓDIGO DE IDIOMA |
| Código de lengua del texto/banda sonora o título independiente |
spa |
| Código de lengua original |
eng |
| 082 04 - NÚMERO DE LA CLASIFICACIÓN DECIMAL DEWEY |
| Número de clasificación |
610.7301 |
| Cutter |
N176d |
| Número de edición |
23 |
| 110 2# - ENTRADA PRINCIPAL--NOMBRE DE ENTIDAD CORPORATIVA |
| Nombre de entidad corporativa o nombre de jurisdicción como elemento de entrada |
NANDA International, Inc., |
| Término indicativo de función/relación |
autor institucional. |
| 245 10 - MENCIÓN DEL TÍTULO |
| Título |
Diagnósticos enfermeros : |
| Resto del título |
definiciones y clasificación, 2024–2026 / |
| Mención de responsabilidad, etc. |
editado por T. Heather Herdman, Shigemi Kamitsuru y Camila Takáo Lopes. |
| 250 ## - MENCION DE EDICION |
| Mención de edición |
Decimotercera edición. |
| 264 #1 - PRODUCCIÓN, PUBLICACIÓN, DISTRIBUCIÓN, FABRICACIÓN Y COPYRIGHT |
| Producción, publicación, distribución, fabricación y copyright |
Barcelona : |
| Nombre del de productor, editor, distribuidor, fabricante |
Elsevier España, S.L.U., |
| Fecha de producción, publicación, distribución, fabricación o copyright |
2023. |
| 300 ## - DESCRIPCIÓN FÍSICA |
| Extensión |
711 páginas : |
| Otras características físicas |
ilustraciones, tablas ; |
| Dimensiones |
27 cm. |
| 336 ## - TIPO DE CONTENIDO |
| Término de tipo de contenido |
texto |
| Código de tipo de contenido |
txt |
| Fuente |
rdacontent |
| 337 ## - TIPO DE MEDIO |
| Nombre/término del tipo de medio |
sin mediación |
| Código del tipo de medio |
n |
| Fuente |
rdamedia |
| 338 ## - TIPO DE SOPORTE |
| Nombre/término del tipo de soporte |
volumen |
| Código del tipo de soporte |
nc |
| Fuente |
rdacarrier |
| 500 ## - NOTA GENERAL |
| Nota general |
Traducción de la obra original inglesa: Nursing Diagnoses: Definitions and Classification, 2024–2026. |
| 500 ## - NOTA GENERAL |
| Nota general |
Incluye referencias bibliográficas e índice al final. |
| 500 ## - NOTA GENERAL |
| Nota general |
Depósito legal: B.19.060-2024. |
| 504 ## - NOTA DE BIBLIOGRAFÍA, ETC. |
| Nota de bibliografía, etc. |
Contiene bibliografía actualizada y recursos en línea. |
| 505 0# - NOTA DE CONTENIDO CON FORMATO |
| Nota de contenido con formato |
Parte I. La clasificación de NANDA Internacional: valoración y diagnóstico -- Parte II. La clasificación de NANDA Internacional: estructura y diagnósticos -- Parte III. La clasificación de NANDA Internacional: qué hay de nuevo y recomendaciones para el futuro -- Parte IV Los diagnósticos enfermeros de NANDA Internacional: Promoción de la salud; Nutrición; Eliminación e intercambio ; Actividad/reposo ; Percepción/cognición ; Autopercepción ; Rol/relaciones ; Sexualidad ; Afrontamiento/tolerancia al estrés ; Principios vitales ; Seguridad/protección ; Confort ; Crecimiento/desarrollo -- Índice. |
| 520 ## - RESUMEN, ETC. |
| Sumario, etc. |
Referencia oficial de NANDA International que proporciona las definiciones, dominios y clasificación de los diagnósticos enfermeros reconocidos internacionalmente para el trienio 2024–2026. Incluye diagnósticos revisados, nuevos indicadores y criterios de evidencia para la práctica enfermera basada en la evidencia. |
| 546 ## - NOTA DE IDIOMA |
| Nota de lengua/lenguaje |
Texto en español, traducido del inglés. |
| 610 24 - PUNTO DE ACCESO ADICIONAL DE MATERIA--NOMBRE DE ENTIDAD CORPORATIVA |
| Nombre de entidad corporativa o nombre de jurisdicción como elemento de entrada |
NANDA International |
| Subdivisión general |
Normas |
| 9 (RLIN) |
7599 |
| 650 14 - PUNTO DE ACCESO ADICIONAL DE MATERIA--TÉRMINO DE MATERIA |
| Término de materia o nombre geográfico como elemento de entrada |
Diagnóstico de enfermería |
| 9 (RLIN) |
7514 |
| 650 24 - PUNTO DE ACCESO ADICIONAL DE MATERIA--TÉRMINO DE MATERIA |
| Término de materia o nombre geográfico como elemento de entrada |
Proceso de enfermería |
| 9 (RLIN) |
7674 |
| 650 24 - PUNTO DE ACCESO ADICIONAL DE MATERIA--TÉRMINO DE MATERIA |
| Término de materia o nombre geográfico como elemento de entrada |
Enfermería |
| Subdivisión general |
Clasificación |
| 9 (RLIN) |
7675 |
| 655 #7 - TERMINO DE INDIZACIÓN--GENERO/FORMA |
| Datos o término principal de género/forma |
Obras de referencia |
| Fuente del término |
rdfs |
| 700 ## - ENTRADA AGREGADA--NOMBRE PERSONAL |
| Nombre de persona |
Herdman, T. Heather, |
| Término indicativo de función/relación |
editora. |
| 9 (RLIN) |
7516 |
| 700 ## - ENTRADA AGREGADA--NOMBRE PERSONAL |
| Nombre de persona |
Kamitsuru, Shigemi, |
| Término indicativo de función/relación |
editora. |
| 9 (RLIN) |
7517 |
| 700 ## - ENTRADA AGREGADA--NOMBRE PERSONAL |
| Nombre de persona |
Lopes, Camila Takáo, |
| Término indicativo de función/relación |
editora. |
| 9 (RLIN) |
7518 |
| 700 ## - ENTRADA AGREGADA--NOMBRE PERSONAL |
| Nombre de persona |
Espinosa i Fresnedo, Carme, |
| Término indicativo de función/relación |
traductora. |
| 9 (RLIN) |
7519 |
| 710 ## - ENTRADA AGREGADA--NOMBRE DE ENTIDAD CORPORATIVA |
| Nombre de entidad corporativa o nombre de jurisdicción como elemento de entrada |
NANDA International, |
| Término indicativo de función/relación |
entidad responsable. |
| 9 (RLIN) |
7599 |
| 856 40 - LOCALIZACIÓN Y ACCESO ELECTRÓNICOS |
| Identificador Uniforme de Recursos |
<a href="https://www.elsevier.es/es/libro/diagnosticos-enfermeros-definiciones-y-clasificacion-2024-2026-9788413827612">https://www.elsevier.es/es/libro/diagnosticos-enfermeros-definiciones-y-clasificacion-2024-2026-9788413827612</a> |
| Nota pública |
Acceso al sitio web oficial de la editorial. |
| 942 ## - ELEMENTOS DE ENTRADA SECUNDARIOS (KOHA) |
| Fuente del sistema de clasificación o colocación |
Clasificación Decimal Dewey |
| Tipo de ítem Koha |
Libros físicos |
| 980 ## - EQUIVALENCIA O REFERENCIA-CRUZADA-MENCIÓN DE SERIE--NOMBRE DE PERSONA/TÍTULO [LOCAL, CANADÁ] |
| ID del usuario creador del registro |
21515 |
| Nombre del creador del registro |
ROMINA COBOS Adquisiciones |
| ID del último usuario que modificó el registro |
18226 |
| Nombre del último usuario que modificó el registro |
Jaime Vilcazán Jefe de Análisis Documental |